Countries with the Most Romanian Speakers - Statistics

General Stats
  • This quiz has been taken 34 times
  • The average score is 23 of 30
Answer Stats
Romanian Speakers Country % Correct
1,250,000 Italy
100%
2,340,655 Moldova
100%
17,263,561 Romania
100%
1,080,000 Spain
100%
327,703 Ukraine
100%
1,067,000 United Kingdom
100%
92,675 Russia
97%
5,523 Bulgaria
93%
31,065 Portugal
93%
154,625 United States
93%
50,000 France
90%
7,365 Turkey
90%
100,610 Canada
87%
762,000 Germany
87%
35,295 Greece
83%
96,000 Hungary
83%
158,000 Serbia
83%
36,000 Austria
80%
45,877 Belgium
77%
4,000 Brazil
77%
12,251 Australia
73%
13,000 Argentina
67%
20,625 Ireland
63%
3,100 New Zealand
57%
12,000 China
50%
82,300 Israel
50%
39,000 Cyprus
40%
5,000 United Arab Emirates
33%
14,666 Kazakhstan
23%
10,000 Venezuela
7%
No matching quizzes found
Score Distribution
Percent of People with Each Score
Percentile by Number Answered
Your Score History
You have not taken this quiz